[Event "Kiel op 31st"]
[Site "Kiel"]
[Date "2018.08.01"]
[Round "7"]
[White "Fleischmann, Yannic"]
[Black "Weber, Jannis"]
[Result "0-1"]
[WhiteElo "1748"]
[BlackElo "1890"]
[PlyCount "100"]
[EventDate "2018.07.28"]
[EventType "swiss"]
[EventRounds "9"]
[EventCountry "GER"]
[SourceTitle "CBM 185 Extra"]
[Source "ChessBase"]
[SourceDate "2018.07.29"]
[SourceVersion "1"]
[SourceVersionDate "2018.07.29"]
[SourceQuality "1"]

1. e4 c5 2. d4 cxd4 3. c3 Nf6 4. e5 Nd5 5. Nf3 d6 6. exd6 Qxd6 7. cxd4 g6 8. Nc3 Bg7 9. Bc4 Nb6 10. Bb3 Nc6 11. Be3 0-0 12. h3 Na5 13. 0-0 Nxb3 14. Qxb3 Be6 15. Qd1 Nc4 16. b3 Nxe3 17. fxe3 Rac8 18. Rc1 Bh6 19. Qe2 Qb4 20. Ne4 Bd7 21. Ne5 Bb5 22. Nc4 Rc7 23. Nc5 b6 24. Nd3 Bxc4 25. Rxc4 Qd6 26. Ne5 f6 27. Ng4 Bg5 28. Rfc1 Rfc8 29. Kf2 h5 30. Qc2 Rxc4 31. Qxg6+ Kf8 32. Rxc4 Rxc4 33. Nh6 Rc2+ 34. Qxc2 Bxh6 35. Qh7 f5 36. Qh8+ Kf7 37. Qh7+ Ke8 38. Qh8+ Kd7 39. Qa8 a5 40. Qb7+ Ke8 41. Qc8+ Kf7 42. Qxf5+ Qf6 43. g4 Qxf5+ 44. gxf5 Kf6 45. e4 Kg5 46. Kg3 Bg7 47. h4+ Kf6 48. Kf3 Bh6 49. Ke2 Bf4 50. Kf3 Bd2 0-1

[Event "Kiel op 31st"]
[Site "Kiel"]
[Date "2018.07.28"]
[Round "1"]
[White "Fleischmann, Yannic"]
[Black "Haffner, Alexander"]
[Result "1/2-1/2"]
[WhiteElo "1748"]
[BlackElo "2107"]
[PlyCount "103"]
[EventDate "2018.07.28"]
[EventType "swiss"]
[EventRounds "9"]
[EventCountry "GER"]
[SourceTitle "CBM 185 Extra"]
[Source "ChessBase"]
[SourceDate "2018.07.29"]
[SourceVersion "1"]
[SourceVersionDate "2018.07.29"]
[SourceQuality "1"]

1. e4 g6 2. d4 Bg7 3. c3 d6 4. Bd3 Nd7 5. f4 c5 6. Nf3 Nh6 7. 0-0 0-0 8. Nbd2 a6 9. Re1 e5 10. Nc4 exd4 11. cxd4 cxd4 12. Nxd6 Nc5 13. e5 Bg4 14. h3 Bxf3 15. Qxf3 Nxd3 16. Qxd3 Qb6 17. Rd1 Rad8 18. b3 Rxd6 19. exd6 Qxd6 20. Qd2 Nf5 21. Bb2 Rd8 22. Qf2 h5 23. Rd2 Bh6 24. g3 h4 25. g4 Qxf4 26. Rad1 Qxf2+ 27. Rxf2 Ng3 28. Kg2 Be3 29. Rf3 Rc8 30. Rxe3 dxe3 31. Kf3 e2 32. Re1 Rc2 33. Bf6 Rxa2 34. Bxh4 Nf1 35. Rxe2 Ra3 36. Kg2 Rxb3 37. Kxf1 Rxh3 38. Bf6 Rf3+ 39. Rf2 Rxf2+ 40. Kxf2 Kf8 41. Ke3 Ke8 42. Kd4 Kd7 43. Kd5 b5 44. g5 b4 45. Bd4 a5 46. Bb6 b3 47. Bd4 a4 48. Bb2 Ke8 49. Ba3 f6 50. gxf6 Kf7 51. Ke5 g5 52. Kf5 1/2-1/2

[Event "Kiel op-B 27th"]
[Site "Kiel"]
[Date "2014.08.07"]
[Round "8"]
[White "Fleischmann, Yannic"]
[Black "Brockmann, Werner"]
[Result "0-1"]
[WhiteElo "1355"]
[BlackElo "1415"]
[PlyCount "136"]
[EventDate "2014.08.02"]
[EventType "swiss"]
[EventRounds "9"]
[EventCountry "GER"]
[SourceTitle "CBM 161 Extra"]
[Source "ChessBase"]
[SourceDate "2014.08.29"]
[SourceVersion "1"]
[SourceVersionDate "2014.08.29"]
[SourceQuality "1"]

1. e4 d6 2. d4 g6 3. Nf3 Bg7 4. Be3 Nf6 5. Nc3 0-0 6. Be2 Ng4 7. 0-0 Nxe3 8. fxe3 Nd7 9. Qd2 b6 10. Rf2 Bb7 11. Raf1 a6 12. Qd3 b5 13. Ng5 Nf6 14. e5 dxe5 15. dxe5 Qxd3 16. cxd3 b4 17. Nd1 Nd5 18. Nxf7 Bc8 19. Bf3 c6 20. Ng5 Bh6 21. Bxd5+ cxd5 22. Rxf8+ Bxf8 23. Nf3 Bf5 24. Nf2 Bh6 25. g4 Bd7 26. g5 Bf8 27. e4 e6 28. exd5 exd5 29. Rc1 Rc8 30. Rxc8 Bxc8 31. Nd4 Bc5 32. Nc6 Bf5 33. d4 Bf8 34. Nd1 Bb1 35. e6 Bg7 36. Nxb4 Bxd4+ 37. Kf1 a5 38. Nxd5 Bxa2 39. e7 Kf7 40. Nf6 Kxe7 41. Nxh7 Bb3 42. Ke2 Bxd1+ 43. Kxd1 Bxb2 44. Kc2 Be5 45. Kb3 Bxh2 46. Ka4 Bc7 47. Kb5 Kf7 48. Nf6 Bd8 49. Nd5 Ke6 50. Nc3 Kf5 51. Kc4 Kxg5 52. Kd3 Kg4 53. Ke2 Kg3 54. Kd3 g5 55. Ne4+ Kg2 56. Nxg5 Bxg5 57. Kc3 Kf3 58. Kb3 Ke4 59. Ka4 Bd2 60. Kb3 Kd3 61. Ka4 Kc4 62. Ka3 Kb5 63. Kb3 a4+ 64. Kc2 Be1 65. Kb2 Kb4 66. Ka2 Bc3 67. Kb1 Kb3 68. Kc1 a3 0-1